000 00297nam a2200121Ia 4500
008 191201s2005 xx 000 0 und d
100 _aMADAN,Sushila
245 0 _aManagement Information and Control Systems
260 _aN. Delhi
_bTaxmann
_c2005
300 _a716
650 _aMBA
942 _2ddc
_cBK
999 _c161
_d161